Intelligent agent systems : theoretical and practical issues : based on a workshop held at PRICAL '96 Cairns, Australia, August 26-30, 1996

Αποθηκεύτηκε σε:
Λεπτομέρειες βιβλιογραφικής εγγραφής
Συγγραφή απο Οργανισμό/Αρχή: Pacific Rim International Conference on Artificial Intelligence
Άλλοι συγγραφείς: Cavedon, Lawrence, 1964- (Επιμελητής έκδοσης), Rao, Anand, 1962- (Επιμελητής έκδοσης), Wobcke, Wayne, 1963- (Επιμελητής έκδοσης)
Μορφή: Πρακτικό Συνεδρίου Βιβλίο
Γλώσσα:English
Δημοσίευση: Berlin : Springer, c1997.
Σειρά:Lecture notes in computer science. Lecture notes in artificial intelligence ; 1209
Θέματα:
Ετικέτες: Προσθήκη ετικέτας
Δεν υπάρχουν, Καταχωρήστε ετικέτα πρώτοι!

MARC

LEADER 00000cam a2200000 i 4500
001 1/96924
008 991218s1997 gw | ||| |||| ||eng||
020 |a 3540626867 
035 |l 10055944 
040 |a GR-MyUa  |b gre  |e AACR2 
041 0 |a eng 
082 7 |a 006.3   |2 (22) 
245 0 0 |a Intelligent agent systems :   |b theoretical and practical issues : based on a workshop held at PRICAL '96 Cairns, Australia, August 26-30, 1996 /   |c Lawrence Cavedon, Anand Rao, Wayne Wobcke, (eds.). 
260 |a Berlin :   |b Springer,   |c c1997. 
300 |a viii, 188 σ. :   |b εικ. ;   |c 24 εκ. 
490 1 |a (Lecture notes in computer science. Lecture notes in artificial intelligence ;   |v 1209) 
490 1 |a (Lecture notes in artificial intelligence) 
504 |a Περιλαμβάνει βιβλιογραφικές παραπομπές. 
650 0 0 |a Intelligent agents (Computer software)  |x Congresses. 
700 1 |a Cavedon, Lawrence,   |d 1964-  |e edt 
700 1 |a Rao, Anand,   |d 1962-  |e edt 
700 1 |a Wobcke, Wayne,   |d 1963-  |e edt 
711 2 |a Pacific Rim International Conference on Artificial Intelligence   |n (4th :   |d 1996 :   |c Cairns, Qld.) 
830 0 |a Lecture notes in computer science.   |p Lecture notes in artificial intelligence ;  |v 1209 
852 |a INST  |b SAMOS  |e 19991218  |h 006.3 INT  |p 005300016206  |q 005300016206  |t BK  |y 0 
901 |a BIBL3-1999-3 
922 |a 3ΕΛΗ  |b 199912  |c ΤΠΕΣ  |d ΠΑΠΑΣΩΤΗΡΙΟΥ 
970 |a ΓΕΝΟΥΖΟΥ  |b ΧΡΥΣΑΝΘΗ  |z 1999/12/18